00840nam a2200241Ia 4500003000400000005001700004008004100021020001500062040001800077041000800095082002100103100002800124245005500152250001200207260004100219300002500260650003000285650002500315650004100340942003000381999001900411952016800430OSt20260106152518.0210716s2009 xx 000 0 und d a8131800288 cAIMIT LIBRARY aeng a006.42 22bBANR aBangia, Ramesh.9250368 aMultimedia and web technology /cBy Ramesh Bangia. a2nd ed. aNew Delhi :bFirewall media ,c2009. a878p. ;bPBc24.5 cm aMicrosoft windows9250369 aWeb browsers9250370 aUsing selection in photoshop9250371 2ddccBKe2ndk006.42 BANR c194290d194290 00102ddc40708MCAaAIMITbAIMITeKnowledge Worldg450.00iBill no:341; Bill dt:2014-11-28l0o006.42 BANRpMCA13798r2026-05-23 00:00:00v337.50w2021-07-16yBK